Fußball Frauen Bundesliga 25/26 - Statistiken

Allgemein
  • Dieses Quiz wurde 184 mal gespielt
  • Das Durchschnittsergebnis liegt bei 12 aus 14
Antwortstatistiken
Tabellenstand 24/25 Verein % Korrekt
1 FC Bayern München
100%
3 Eintracht Frankfurt
98%
2 VfL Wolfsburg
97%
N HSV
91%
6 TSG Hoffenheim
90%
4 Bayer Leverkusen
89%
7 Werder Bremen
87%
10 1. FC Köln
86%
8 RB Leipzig
86%
N 1. FC Union Berlin
85%
5 SC Freiburg
84%
9 SGS Essen
84%
11 Carl Zeiss Jena
80%
N 1. FC Nürnberg
79%
Keine übereinstimmenden Quizze gefunden
Verteilung der Resultate
Anzahl Personen mit jedem Resultat
Perzentil nach korrekt beantworteten Fragen
Ihre Resultats-Entwicklung
Sie haben dieses Quiz noch nicht gespielt